| 000 | 00474 a2200157 4500 | ||
|---|---|---|---|
| 020 | _a8176357014 | ||
| 082 | _a650 | ||
| 090 |
_c7417 _d7417 |
||
| 100 | _aPenguin Group Inc. | ||
| 245 |
_aManaging Human Resources _bEvery manager's desk reference series-II _cPenguin Group Inc. |
||
| 260 |
_aNew Delhi (India) _bTechmedia _c2003 |
||
| 300 |
_a384-612 p. ; _bill.; _c24 cm. |
||
| 500 | _aIncludes index | ||
| 650 | _a1. Management--Handbooks, manuas, etc. | ||
| 942 |
_cBK _k650 PEN |
||
| 999 |
_c11220 _d11220 |
||